00899nam a2200229 a 4500001001000000003000900010005001700019008004100036040002800077082002200105100002400127245010000151260004800251300003500299500006200334500004200396650009100438650005000529650002400579650002400603700004200627000016770DO-SdBNP20250722145317.0100310s1998 dr ac 000 0 spa d aDO-SdBNPbspacDO-SdBNP a352.14bT231m2221 aTavárez, Pericles10aMemorias de una gestión municipal /cPericles Tavárez ; prólogo Fermín Alvarez Santana. aSanto Domingo :bEditora de Colores,c1998. a233 p. :bil., retr. ;c22 cm. aIncluye datos biográficos del autor en la contraportada aIncluye notas al pie de las páginas 0aGobierno municipal vMemoriaszSan José de los Llanos (República Dominicana)2LEMB 7zRepública DominicanaaGobierno local 2LEMB 4aDesarrollo regional 4aGobierno municipal 1 aAlvarez Santana, Fermín,eprólogo